| 000 | 00362nam a22001577a 4500 | ||
|---|---|---|---|
| 003 | SGT | ||
| 020 | _a9780323416351 | ||
| 082 |
_a616.024 _bW18H |
||
| 100 | _aHEUER, ALBERT | ||
| 245 | _aWILKINS CLINICAL ASSESSMENT IN RESPIRATORY CARE | ||
| 250 | _a8TH | ||
| 260 |
_aLOUIS _bELSEVIER PUB _c2018 |
||
| 300 | _a492 | ||
| 650 | _aMEDICINE | ||
| 942 |
_2ddc _cBK _033 |
||
| 999 |
_c21976 _d21976 |
||